1835 1602 1902 1459 1564 1139 1441 1108 1950 1377 1790 1793 1417 1388 1000 1410 1648 1569 1680 1487 1152 1898 1400 1620 1828 1196 1762 1468 1743 1830 1009 1577 1253 1207 1173 1175 1322 1919 1079 1070 1535 1526 1256 1477 1851 1742 1547 1519 1463 1733 1421 1963 1982 1464 1420 1969 1802 1252 1488 1057 1034 1200 1117 1381 1445 1217 1021 1609 1061 1064 1608 1436 1527 1469 1417 1355 1325 1033 1273 1022 1528 1584 1419 1552 1266 1962 1649 1283 1085 1191 1279 1954 1101 1047 1401 1093 1310 1478 1871 BCNSPRNW ULIB Ver.6.0+V

เปลี่ยนเป็นภาษาไทย

Change to English
 แสดงรายละเอียดบรรณานุกรม
  กลับหน้าหลัก

Brief Record : Get Marc (ISO 2709) : E-mail record : QR code < ปิดหน้าต่าง
LEADER : 00000nam 2200000uu 4500
001    13399114571
003     ULIB
008    120418s2547||||th 000 0 tha d
020    ^a9749244524
090    ^aนว.^bค181 2547
100 0  ^aรวมผู้แต่ง
245 00 ^aความรู้สึกดี...ที่เรามีกัน/^cรวมผู้แต่ง
250    ^aพิมพ์ครั้งที่ 2
260    ^aกรุงเทพฯ :^bแจ่มใส,^c2547
300    ^a233 หน้า
710 1  ^aแจ่มใส
945    ^p149^l0^i18155
995    ^aกัณชพร
999    ^aใช้งานได้ทุกระบบ
รายการนี้ยังไม่มีแท็ก
คุณยังไม่ได้ล็อกอิน คุณสามารถมีกิจกรรมร่วมกับเว็บไซต์ได้ แต่ต้องล็อกอินก่อน ::
  ล็อกอิน

รายการสื่อสารสนเทศ

ลำดับที่ ประเภท เลขเรียก/บาร์โค้ด สถานที่ สถานะ
1. นวนิยาย
นวนิยาย
นว. ค181 2547  
  Barcode: 18155
ห้องสมุดวิทยาเขตสวรรค์ประชารักษ์
►นวนิยาย
บนชั้น
  ขอยืม

BibComment


ยังไม่เคยถูกคอมเมนท์

คอมเมนท์ทรัพยากรรายการนี้
  คอมเมนท์: ความรู้สึกดีที่เ..


 Copyright 2026. Bcnsprnw @Library